Pháp luật hôn nhân và gia đình Việt Nam xưa và nay : In toàn văn Luật hôn nhân và gia đình Việt Nam năm 2000
Giới thiệu toàn văn luật hôn nhân và gia đình năm 2000
Enregistré dans:
| Auteur principal: | |
|---|---|
| Format: | Livre |
| Langue: | Undetermined |
| Publié: |
Thành phố Hồ Chí Minh
Trẻ
2000
|
| Sujets: | |
| Tags: |
Ajouter un tag
Pas de tags, Soyez le premier à ajouter un tag!
|
| Thư viện lưu trữ: | Trung tâm Học liệu Trường Đại học Cần Thơ |
|---|
| LEADER | 00906nam a2200241Ia 4500 | ||
|---|---|---|---|
| 001 | CTU_39297 | ||
| 008 | 210402s9999 xx 000 0 und d | ||
| 020 | |c 20000 | ||
| 082 | |a 346.016 | ||
| 082 | |b Th107 | ||
| 100 | |a Phan, Đăng Thanh | ||
| 245 | 0 | |a Pháp luật hôn nhân và gia đình Việt Nam xưa và nay : | |
| 245 | 0 | |b In toàn văn Luật hôn nhân và gia đình Việt Nam năm 2000 | |
| 245 | 0 | |c Phan Đăng Thanh, Trương Thị Hòa | |
| 260 | |a Thành phố Hồ Chí Minh | ||
| 260 | |b Trẻ | ||
| 260 | |c 2000 | ||
| 520 | |a Giới thiệu toàn văn luật hôn nhân và gia đình năm 2000 | ||
| 650 | |a Domestic relations,Family | ||
| 650 | |x Vietnam,Law and legislation | ||
| 650 | |z Vietnam | ||
| 904 | |i Nguyễn Quang Điền, 001108 (Nguyên sửa) | ||
| 980 | |a Trung tâm Học liệu Trường Đại học Cần Thơ | ||